Fundamentals of fluid mechanics /
Guardado en:
| Autor Principal: | |
|---|---|
| Otros Autores: | , |
| Formato: | Libro |
| Idioma: | English |
| Publicado: |
New York :
Wiley,
c1990.
|
| Materias: | |
| Etiquetas: |
Agregar Etiqueta
Sin Etiquetas, Sea el primero en etiquetar este registro!
|
| LEADER | 00797pam a22002295a 4500 | ||
|---|---|---|---|
| 001 | EIQ.libpla001089 | ||
| 008 | 890727s1990####nyua#####b####001#0#eng#d | ||
| 005 | 20060725152735.0 | ||
| 245 | 1 | 0 | |a Fundamentals of fluid mechanics / |c Bruce R. Munson, Donald F. Young, Theodore H. Okiishi. |
| 260 | |a New York : |b Wiley, |c c1990. | ||
| 300 | |a xvi, 843 p. : |b il. ; |c 26 cm. | ||
| 504 | |a Incluye referencias bibliográficas e índice. | ||
| 020 | |a 0471517461 | ||
| 100 | 1 | |a Munson, Bruce Roy, |d 1940- | |
| 700 | 1 | |a Young, Donald F. | |
| 700 | 1 | |a Okiishi, T. H. |q (Theodore Hisao), |d 1939- | |
| 082 | 0 | 0 | |a 620.1/06 |2 20 |
| 650 | 4 | |a Mecánica de fluídos |x Teoría. | |
| 650 | 4 | |a Fluid mechanics |x Theory. | |
| 010 | |a 89038368 | ||
| 040 | |a DLC |c DLC |d AR-BbSID | ||
| 859 | |a AR-BbSID |b BIB. PLAPIQUI |h 620.106 |i M 928 |p 4380 | ||
